Normal view
MARC view
Entry Personal Name
001 - CONTROL NUMBER
- control field: 19467
003 - CONTROL NUMBER IDENTIFIER
- control field: ARRUPE
005 - DATE AND TIME OF LATEST TRANSACTION
- control field: 20150908121938.0
008 - FIXED-LENGTH DATA ELEMENTS
- fixed length control field: 150908|| aca||aabn | a|a d
040 ## - CATALOGING SOURCE
- Original cataloging agency: ARRUPE
- Transcribing agency: ARRUPE
100 ## - HEADING--PERSONAL NAME
- Personal name: Lorenzen, Paul,
- Dates associated with a name: 1915-1994.
670 ## - SOURCE DATA FOUND
- Source citation: Work cat.: (ARRUPE)0: Lorenzen, Paul, 1915-1994., Normative logic and ethics., (1969).